[Event "EU-chT U18"]
[Site "Thessaloniki"]
[Date "2022.07.15"]
[Round "4.10"]
[White "Turk, Talha Gunes"]
[Black "Karkanas, Stylianos"]
[Result "1-0"]
[WhiteElo "1597"]
[BlackElo "1089"]
[PlyCount "59"]
[EventDate "2022.07.12"]
[EventType "team-swiss"]
[EventRounds "7"]
[EventCountry "GRE"]
[SourceTitle "CBM 209 Extra"]
[Source "ChessBase"]
[SourceDate "2022.09.30"]
[SourceVersion "1"]
[SourceVersionDate "2022.09.30"]
[SourceQuality "1"]
[WhiteTeam "Turkey U18"]
[BlackTeam "Greece Triandria U18"]
[WhiteTeamCountry "TUR"]
[BlackTeamCountry "GRE"]

1. e4 c5 2. Nf3 e6 3. c3 Nf6 4. e5 Nd5 5. d4 cxd4 6. cxd4 d6 7. Nc3 Nb6 8. Bg5 Be7 9. Bxe7 Qxe7 10. Rc1 dxe5 11. dxe5 Nc6 12. Bd3 0-0 13. h4 h6 14. Qe2 Qb4 15. a3 Qf4 16. Rd1 Nd7 17. g3 Qg4 18. Qe3 Qh5 19. g4 Qxg4 20. h5 g5 21. hxg6 h5 22. Qh6 fxg6 23. Bxg6 Rf7 24. Rxh5 Qxh5 25. Qxh5 Rg7 26. Ne4 Ncxe5 27. Nxe5 Kf8 28. Qh8+ Rg8 29. Nxd7+ Ke7 30. Qh4# 1-0

[Event "EU-chT U18"]
[Site "Thessaloniki"]
[Date "2022.07.13"]
[Round "2.7"]
[White "Turk, Talha Gunes"]
[Black "Zlatkov, Anton"]
[Result "1-0"]
[WhiteElo "1597"]
[BlackElo "2149"]
[PlyCount "167"]
[EventDate "2022.07.12"]
[EventType "team-swiss"]
[EventRounds "7"]
[EventCountry "GRE"]
[SourceTitle "CBM 209 Extra"]
[Source "ChessBase"]
[SourceDate "2022.09.30"]
[SourceVersion "1"]
[SourceVersionDate "2022.09.30"]
[SourceQuality "1"]
[WhiteTeam "Turkey U18"]
[BlackTeam "Macedonia U18"]
[WhiteTeamCountry "TUR"]
[BlackTeamCountry "MKD"]

1. e4 c5 2. Nf3 Nc6 3. c3 Nf6 4. Bd3 d6 5. h3 e6 6. 0-0 d5 7. Qe2 Be7 8. e5 Nd7 9. Bc2 b6 10. d4 a5 11. Re1 Ba6 12. Qe3 Qc7 13. Na3 h6 14. Ba4 cxd4 15. cxd4 Na7 16. Bxd7+ Kxd7 17. Qf4 f5 18. exf6 Qxf4 19. Bxf4 gxf6 20. Re3 Rac8 21. Nh4 Rhg8 22. Nf3 h5 23. Rd1 Bb4 24. Nb1 Rc2 25. a3 Bd6 26. Bxd6 Kxd6 27. Rde1 Re8 28. Nh4 e5 29. Nf5+ Kd7 30. Nc3 Rxb2 31. Nxd5 Re6 32. Nf4 Nb5 33. Nxe6 Kxe6 34. dxe5 Kxf5 35. Rf3+ Kg6 36. exf6 Nd4 37. Rf4 Re2 38. Rd1 Ne6 39. f7 Kg7 40. Rd8 Nf8 41. Rf3 Bb7 42. Rf5 Be4 43. Re5 Kxf7 44. Rde8 Ra2 45. Rxe4 Rxa3 46. Rb8 Nd7 47. Rb7 Rd3 48. Re5 a4 49. Ra7 Kg6 50. Rb5 Rd1+ 51. Kh2 Rd4 52. Rb1 Kf5 53. Ra6 Ke4 54. Ra1 b5 55. Rb1 Nc5 56. Ra5 b4 57. Rxc5 b3 58. Ra5 Rb4 59. h4 Kd3 60. Rxa4 Rxa4 61. Rxb3+ Kc2 62. Rb5 Rxh4+ 63. Kg3 Rh1 64. Rb4 Ra1 65. Kh4 Rh1+ 66. Kg3 Ra1 67. f4 Kd3 68. f5 Ke3 69. Rh4 Rf1 70. Rxh5 Ke4 71. Kh4 Rf2 72. Rg5 Ke5 73. g4 Rh2+ 74. Kg3 Rh1 75. Rg6 Rg1+ 76. Kf2 Ra1 77. f6 Ra2+ 78. Ke3 Ra3+ 79. Ke2 Ke6 80. g5 Ra2+ 81. Kd3 Ra3+ 82. Kc4 Kf7 83. Rg7+ Kf8 84. Kd5 1-0

[Event "EU-chT U18"]
[Site "Thessaloniki"]
[Date "2022.07.12"]
[Round "1.7"]
[White "Turk, Talha Gunes"]
[Black "Cnejev, Vladimir Alexandru"]
[Result "0-1"]
[WhiteElo "1597"]
[BlackElo "2172"]
[PlyCount "66"]
[EventDate "2022.07.12"]
[EventType "team-swiss"]
[EventRounds "7"]
[EventCountry "GRE"]
[SourceTitle "CBM 209 Extra"]
[Source "ChessBase"]
[SourceDate "2022.09.30"]
[SourceVersion "1"]
[SourceVersionDate "2022.09.30"]
[SourceQuality "1"]
[WhiteTeam "Turkey U18"]
[BlackTeam "Romania U18"]
[WhiteTeamCountry "TUR"]
[BlackTeamCountry "ROU"]

1. e4 e5 2. Nf3 Nc6 3. Bc4 Bc5 4. 0-0 d6 5. h3 Nf6 6. d3 h6 7. c3 Bb6 8. Re1 g5 9. g4 h5 10. Nxg5 hxg4 11. Nxf7 Qe7 12. Nxh8 Qh7 13. Be3 Qxh3 14. Bxb6 g3 15. Qf3 Qh2+ 16. Kf1 Bh3+ 17. Ke2 Bg4 18. Be3 Bxf3+ 19. Kxf3 g2 20. Nd2 Qh3+ 21. Ke2 Qxh8 22. Rg1 Qh3 23. Nf3 Qg4 24. Rac1 0-0-0 25. Bb3 Rf8 26. Bd1 Nh5 27. Kd2 Rxf3 28. Bxf3 Qxf3 29. b4 Nf4 30. Bxf4 Qxf2+ 31. Kd1 Qxg1+ 32. Kc2 Qf2+ 33. Bd2 g1Q 0-1